Prodromus einer Flora von Südwestafrika (Record no. 591992)

MARC details
000 -LEADER
fixed length control field 00445nam a2200169Ia 4500
008 - FIXED-LENGTH DATA ELEMENTS--GENERAL INFORMATION
fixed length control field 251016s1966##################000#0#eng##
020 ## - INTERNATIONAL STANDARD BOOK NUMBER
Paper back/Hardbound pbk
041 ## - LANGUAGE CODE
Language code of text/sound track or separate title eng.
082 ## - DEWEY DECIMAL CLASSIFICATION NUMBER
Classification number 581.9688
Item number CRA
100 ## - MAIN ENTRY--AUTHOR NAME
Personal name Merxmüller, Hermann
245 ## - TITLE STATEMENT
Title Prodromus einer Flora von Südwestafrika
Sub Title :
Statement of responsibility, etc Merxmüller, Hermann
260 ## - PUBLICATION, DISTRIBUTION, ETC. (IMPRINT)
Place of publication Lehre
Name of publisher Cramer
Year of publication 1966
300 ## - PHYSICAL DESCRIPTION
Number of Pages v. 25 cm
650 ## - SUBJECT ADDED ENTRY--TOPICAL TERM
Topical Term Botany - Namibia
942 ## - ADDED ENTRY ELEMENTS (KOHA)
Koha item type Reference
Holdings
Withdrawn status Lost status Damaged status Not for loan Home library Current library Shelving location Date acquired Full call number Accession Number Price effective from Koha item type
        Anna Centenary Library Anna Centenary Library 5TH FLOOR, B WING 13.10.2010 581.9688 CRA 172473 16.10.2025 Reference
        Anna Centenary Library Anna Centenary Library 5TH FLOOR, B WING 13.10.2010 581.9688 CRA 172472 16.10.2025 Reference

Find us on the map